Vista normal
Vista MARC
Entrada Materia (geográfica)
Número de registros utilizados en: 1
001 - CONTROL NUMBER
- control field: 74174
003 - CONTROL NUMBER IDENTIFIER
- control field: Co-BoUCM
005 - DATE AND TIME OF LATEST TRANSACTION
- control field: 20151207142250.0
008 - FIXED-LENGTH DATA ELEMENTS
- fixed length control field: 151207|| aca||aabn | a|a d
040 ## - CATALOGING SOURCE
- Original cataloging agency: Co-BoUCM
- Transcribing agency: Co-BoUCM
151 ## - HEADING--GEOGRAPHIC NAME
- Geographic name: Roma (Italia)
- General subdivision: Historia
- Chronological subdivision: Espanola
670 ## - SOURCE DATA FOUND
- Source citation: Work cat.: (Co-BoUCM)38907: Tácito, Cayo Cornelio 55 - 120 d. C. 74172, C. Cornelii Taciti Opera quae exstant. Iustus Lipsius postremus recensuit. Additi commentarii aucti emendatique ab ultima manu. Accessit C. Velleius Paterculus cum eiusdem Lipsi auctioribus notis, 1607